<?xml version="1.0" encoding="UTF-8"?><?xml-stylesheet type="text/xsl" href="static/style.xsl"?><OAI-PMH xmlns="http://www.openarchives.org/OAI/2.0/" xmlns:xsi="http://www.w3.org/2001/XMLSchema-instance" xsi:schemaLocation="http://www.openarchives.org/OAI/2.0/ http://www.openarchives.org/OAI/2.0/OAI-PMH.xsd"><responseDate>2026-04-17T06:07:23Z</responseDate><request verb="GetRecord" identifier="oai:www.recercat.cat:2445/206662" metadataPrefix="marc">https://recercat.cat/oai/request</request><GetRecord><record><header><identifier>oai:recercat.cat:2445/206662</identifier><datestamp>2025-12-05T10:35:56Z</datestamp><setSpec>com_2072_1057</setSpec><setSpec>col_2072_478917</setSpec><setSpec>col_2072_478935</setSpec></header><metadata><record xmlns="http://www.loc.gov/MARC21/slim" xmlns:dcterms="http://purl.org/dc/terms/" xmlns:xsi="http://www.w3.org/2001/XMLSchema-instance" xmlns:doc="http://www.lyncode.com/xoai" xsi:schemaLocation="http://www.loc.gov/MARC21/slim http://www.loc.gov/standards/marcxml/schema/MARC21slim.xsd">
   <leader>00925njm 22002777a 4500</leader>
   <datafield ind2=" " ind1=" " tag="042">
      <subfield code="a">dc</subfield>
   </datafield>
   <datafield ind2=" " ind1=" " tag="720">
      <subfield code="a">López Villanueva, Cristina</subfield>
      <subfield code="e">author</subfield>
   </datafield>
   <datafield ind2=" " ind1=" " tag="720">
      <subfield code="a">Crespi Vallbona, Montserrat</subfield>
      <subfield code="e">author</subfield>
   </datafield>
   <datafield ind2=" " ind1=" " tag="260">
      <subfield code="c">2024-01-30T09:09:36Z</subfield>
   </datafield>
   <datafield ind2=" " ind1=" " tag="260">
      <subfield code="c">2022</subfield>
   </datafield>
   <datafield ind2=" " ind1=" " tag="260">
      <subfield code="c">info:eu-repo/date/embargoEnd/2099-01-01</subfield>
   </datafield>
   <datafield ind2=" " ind1=" " tag="520">
      <subfield code="a">La turistificación transforma la vida urbana de un gran número de ciudades conso-lidadas como destinos turísticos. La intensidad del proceso de turistificación es di-ferente en los distintos barrios de las áreas urbanas. Las dinámicas de respuesta de la ciudadanía ante tal proceso constituyen un importante elemento a tener en cuenta en la planificación y gestión de la actividad turística y de los usos de la ciudad. Las resistencias ciudadanas ponen de manifiesto los aspectos negativos del avance de la turistificación: el decrecimiento del parque de viviendas de uso residencial, el incremento del precio de la compra y/o alquiler; la transformación del espacio pú-blico, el cambio en la fisonomía comercial y la convivencia entre los usos turísticos y residenciales. Este trabajo tiene como objetivo presentar algunas de estas diná-micas y analizar las respuestas a estos procesos por parte de las iniciativas vecinales y comunitarias, de la acción asociativa comercial y de la actuación administración local en tres barrios de la ciudad de Barcelona (Barceloneta, Sant Antoni y Hosta-francs, en el epicentro turístico, en una zona intermedia y fuera del radio de influen-cia turística masiva, respectivamente). El trabajo parte del análisis de más de 20 entrevistas en profundidad a los actores sociales, comerciales y políticos de cada uno de estos barrios.</subfield>
   </datafield>
   <datafield tag="653" ind2=" " ind1=" ">
      <subfield code="a">Política turística</subfield>
   </datafield>
   <datafield tag="653" ind2=" " ind1=" ">
      <subfield code="a">Moviments de protesta</subfield>
   </datafield>
   <datafield tag="653" ind2=" " ind1=" ">
      <subfield code="a">Barcelona (Catalunya)</subfield>
   </datafield>
   <datafield tag="653" ind2=" " ind1=" ">
      <subfield code="a">Politics of tourism</subfield>
   </datafield>
   <datafield tag="653" ind2=" " ind1=" ">
      <subfield code="a">Protest movements</subfield>
   </datafield>
   <datafield tag="653" ind2=" " ind1=" ">
      <subfield code="a">Barcelona (Catalonia)</subfield>
   </datafield>
   <datafield ind2="0" ind1="0" tag="245">
      <subfield code="a">Turistificación y resistencias ciudadanas: Barcelona como caso de estudio</subfield>
   </datafield>
</record></metadata></record></GetRecord></OAI-PMH>